Crisis of the self : (Record no. 345107)

000 -LEADER
fixed length control field 01039 a2200241 4500
003 - CONTROL NUMBER IDENTIFIER
control field OSt
005 - DATE AND TIME OF LATEST TRANSACTION
control field 20180116182732.0
008 - FIXED-LENGTH DATA ELEMENTS--GENERAL INFORMATION
fixed length control field 160502b xxu||||| |||| 00| 0 eng d
020 ## - INTERNATIONAL STANDARD BOOK NUMBER
International Standard Book Number 1853430943
020 ## - INTERNATIONAL STANDARD BOOK NUMBER
International Standard Book Number 9781853430947
040 ## - CATALOGING SOURCE
Transcribing agency 0
082 04 - DEWEY DECIMAL CLASSIFICATION NUMBER
Classification number 150
100 ## - MAIN ENTRY--PERSONAL NAME
Personal name Richards, Barry.
245 00 - TITLE STATEMENT
Title Crisis of the self :
Remainder of title further essays on psychoanalysis and politics.
Statement of responsibility, etc. Richards, Barry.
260 ## - PUBLICATION, DISTRIBUTION, ETC.
Place of publication, distribution, etc. [S.l.] :
Name of publisher, distributor, etc. Columbia University Press,
Date of publication, distribution, etc. 1991.
300 ## - PHYSICAL DESCRIPTION
Extent 278 p. ;
Dimensions 23 cm.
500 ## - GENERAL NOTE
General note Paperback.
520 ## - SUMMARY, ETC.
Summary, etc. What is the relationship between internal states of psychological crisis and features of the external world? This book explores that question, bringing psychoanalytic thinking and practice to bear on the more public spheres of culture and politics.
700 1# - ADDED ENTRY--PERSONAL NAME
Personal name Richards, Barry.
856 40 - ELECTRONIC LOCATION AND ACCESS
Materials specified Amazon.com
Uniform Resource Identifier <a href="http://www.amazon.com/exec/obidos/ASIN/1853430943/chopaconline-20">http://www.amazon.com/exec/obidos/ASIN/1853430943/chopaconline-20</a>
856 40 - ELECTRONIC LOCATION AND ACCESS
Materials specified Amazon customer reviews
Uniform Resource Identifier <a href="http://www.chopac.org/cgi-bin/tools/azrev.pl?q=1853430943">http://www.chopac.org/cgi-bin/tools/azrev.pl?q=1853430943</a>
942 ## - ADDED ENTRY ELEMENTS (KOHA)
Institution code [OBSOLETE] NBS
Koha item type Book
Call number prefix 150.195 RIC
Source of classification or shelving scheme

No items available.

© 2023 Central Library, National University of Sciences and Technology. All Rights Reserved.